000 01163cam a2200277 a 4500
999 _c332268
_d332268
001 12462038
003 NUST
005 20171122101638.0
008 010706s2002 iauab b 001 0 eng
010 _a 2001044140
020 _a0072382112
020 _a0071121781 (ISE)
040 _aDLC
_cDLC
_dDLC
042 _apcc
050 0 0 _aG70.212
_b.C4735 2002
082 0 0 _a910.285 CHA
_221
100 1 _aChang, Kang-Tsung.
_96630
245 1 0 _aIntroduction to geographic information systems /
_cKang-tsung Chang.
250 _a1st ed.
260 _aBoston :
_bMcGraw-Hill,
_cc2002.
300 _axviii, 348 p. :
_bill., maps ;
_c25 cm. +
_e1 CD-ROM (4 3/4 in.)
500 _aH.B
504 _aIncludes bibliographical references and index.
538 _aSystem requirements: Pentium 60 or better; Windows 95 or better.
650 0 _aGeographic information systems.
_96117
906 _a7
_bcbc
_corignew
_d1
_eocip
_f20
_gy-gencatlg
942 _2ddc
_cBK
_kIESE